| 000 | 00457cam a22001337a 4500 | ||
|---|---|---|---|
| 008 | 180718b1971 xxu||||| |||| 00| 0 eng d | ||
| 082 | _aA75 M264BE | ||
| 100 | _aShrivastava, P.N. | ||
| 245 |
_aMadhya Pradesh district gazetteers: Betul _cby P.N. Shrivastava |
||
| 260 |
_aBhopal _bDistrict Gazetteers Department, Madhya Pradesh _c1971 |
||
| 300 | _a521+p. | ||
| 500 | _aLibrary also has supplement, by N.P. Pandey. 1994. 91+p. | ||
| 650 | _aBetul - Gazetteers | ||
| 999 |
_c486537 _d486537 |
||